000 01737nam a22002777a 4500
999 _c339196
_d339196
001 53106
003 UA-OsUOA
005 20230504161251.0
007 ta
008 20080318b un ||||| |||| 00| 0 ukr d
020 _a966-346-263-9
040 _aUA-OsUOA
_bukr
_cUA-OsUOA
_dUA-OsUOA
041 _aukr
080 _a330.322(477)(075.8)
090 _a330.322(477)(075.8)
_bБ82
100 _aБорщ Л. М.
245 _aІнвестування: теорія і практика
_bнавчальний посібник
260 _aК.
_bЗнання
_c2007
300 _a685 с.
520 _aРозглядаються концептуальні пспекти інвестиційної діяльності в Україні, підходи до інвестиційно-відтворювального процесу на мікро-, регіональному і макрорівнях. У логічній послідовності дослі­джуються сучасний стан інвестиційних процесів, механізм держав­ного стимулювання, інфраструктура забезпечення інвестиційних процесів. Зважаючи на недостатній рівень висвітлення в навчальній літературі, особливе місце приділяється аналізу ефективності інвес­тиційних процесів в окремих галузях.
650 7 _a330 Економіка взагалі
_2UDC
700 _aГерасимова С. В.
942 _cBK
_2udc
955 _a2